A-Z Characters: MCU Quiz Stats

 Plays Quiz Updated Aug 18, 2019

Score 0/24 Timer 05:00
31 Plays Today
A-Z Character % Correct
AAnt-Man
99%
CCaptain America
99%
HHulk
98.7%
IIron Man
98.6%
SSpider-Man
97.6%
DDoctor Strange
96.8%
BBlack Widow
96.4%
LLoki
96.2%
TThanos
93.9%
NNick Fury
92.1%
PPepper Potts
89.7%
FFalcon
89.7%
A-Z Character % Correct
GGamora
89.1%
VVision
86.2%
UUltron
85.1%
RRed Skull
84.6%
JJane Foster
80.1%
QQuicksilver
79.3%
MMantis
76.6%
WWong
66.7%
EEgo
64.7%
YYondu Udonta
62%
KKorg
54.8%
OOkoye
45.4%

You're not logged in!

Compare scores with friends on all Sporcle quizzes.
OR
Log In

Sporcle TV

Today on Sporcle TV


Watch our educational content, quiz creation guides, and fun videos on Sporcle TV.

Show Comments

Extras

Top Quizzes Today


Score Distribution

Your Account Isn't Verified!

In order to create a playlist on Sporcle, you need to verify the email address you used during registration. Go to your Sporcle Settings to finish the process.

Report this User

Report this user for behavior that violates our Community Guidelines.

Details: